000 00938nam a2200289 i 4500
001 103576
003 ES-MaACL
005 20240219213320.0
007 t|
008 060418s1986 sp ||||1| spa d
020 _a84-320-4381-8
080 _a32 Serrano Suñer, Ramón
080 _a32 Franco Bahamonde, Francisco
080 _a9(460)"1939/75"
100 1 _aGarriga, Ramón.
_955740
245 1 0 _aFranco-Serrano Suñer
_b: un drama político /
_cRamón Garriga Alemany.
250 _a1ª ed.
260 _aBarcelona :
_bPlaneta,
_c1986.
300 _a209 p. :
_bil. ;
_c21 cm.
490 1 _aDocumento ;
_v197
600 1 4 _aSerrano Suñer, Ramón,
_d1901-2003
_9105805
600 1 4 _aFranco Bahamonde, Francisco,
_d1892-1975
_952240
651 4 _aEspaña-
_xHistoria-
_y1939-1975, Dictadura.
_9167928
830 0 _aDocumento ;
_v197
_9177347
852 _aES-MaACL
_jC-56892
_bR.130971
999 _c103576
_d103576